000 00882nam a22002535i 4500
001 177006
003 ES-MaACL
005 20250812050900.0
008 110223s1982 sp |||| | spa d
020 _a84-252-1113-1
080 _a7.032
245 0 0 _aArte antiguo
_b: Próximo Oriente, Grecia y Roma /
_cedición a cargo de Antonio José Pitarch ... [et al.].
260 _aBarcelona :
_bGustavo Gili,
_c[1982]
300 _a453 p. ;
_c20 cm.
490 1 _aFuentes y documentos para la historia del arte ;
_v1
500 _aÍndices.
650 7 _aArte antiguo
_2embne
_9145358
650 7 _aArte griego
_2embne
_910221
650 0 7 _aArte romano
_2embne
_910314
700 1 _aPitarch, Antonio José.
_992404
830 1 _aFuentes y documentos para la historia del arte ;
_v1
_9190327
852 _aES-MaACL
_jE-14422
_xOlim P-329
999 _c177006
_d177006